Statistiche per Quiz sulla Lombardia

Clicka qui per fare il quiz!

Statistiche generali

  • Questo quiz è stato fatto 2.777 volte
  • Il punteggio medio è 12 su 22

Statistiche sulle risposte

DomandaRisposta% Corretto
CapoluogoMilano
100%
Regioni confinantiPiemonte
98%
Regioni confinantiEmilia-Romagna
95%
Regioni confinantiVeneto
95%
Regioni confinantiTrentino-Alto Adige
92%
Lago più grandeLago di Garda
86%
Seconda città più grandeBrescia
84%
Traduci "sciura" in italianoSignora
66%
Così è detto il derby del capoluogodella Madonnina
55%
Una delle due famiglie nobiliari che governò sul ducatoVisconti/Sforza
52%
Santo patrono della regioneSant'Ambrogio
47%
Fiume più lungo dopo il PoAdda
46%
Storica casa automobilistica fondata a Milano nel 1910Alfa Romeo
42%
Dialetti riconosciuti (i 2 più parlati)Lombardo
40%
Più alto valico automobilistico d'Italia (secondo d'Europa)Passo {dello Stelvio}
32%
Nome del simbolo rappresentato sulla bandiera della regioneRosa Camuna
29%
Insurrezione armata del marzo 1848Cinque giornate
26%
Pietanza tipica a base di verza e cotenna (e altre parti del maiale)Cassœula
25%
Il 29 maggio è festa regionale, cosa si ricorda?Battaglia di {Legnano}
24%
Maschera di MilanoMeneghino
20%
Traduci "scighera" in italianoNebbia
17%
Dialetti riconosciuti (i 2 più parlati)Emiliano
10%

Distribuzione punteggi

Percentile per numero di risposta

Percentuale di utenti per punteggio

I tuoi punteggi nel tempo

Non hai fatto questo quiz